Surviving your thesis

Uloženo v:
Podrobná bibliografie
Médium: Kniha
Jazyk:Undetermined
Vydáno: London / New York Routledge / Taylor & Francis Group 2004
Témata:
Tagy: Přidat tag
Žádné tagy, Buďte první, kdo otaguje tento záznam!
Thư viện lưu trữ: Trung tâm Học liệu Trường Đại học Cần Thơ
LEADER 00552nam a2200181Ia 4500
001 CTU_117313
008 210402s9999 xx 000 0 und d
020 |c 32.92 
082 |a 808.02 
082 |b S963 
245 0 |a Surviving your thesis 
245 0 |c Edited by Suzan Burton and Peter Steane 
260 |a London / New York 
260 |b Routledge / Taylor & Francis Group 
260 |c 2004 
650 |a Dissertation, academic,Phương pháp viết luận án 
904 |i Minh 
980 |a Trung tâm Học liệu Trường Đại học Cần Thơ